000 01039nam a22002657a 4500
003 BD-DhSAU
005 20170118151107.0
008 160620b2015 bg ||||| |||| 001 0 eng d
040 _aBD-DhSAU
082 _222
_a631.4
_bH2759
100 _aHassan, Syed Arvin
245 _aEffect of nitrogen and phosphorus on the growth and yield of BARI TIL-3
_c Syed Arvin Hassan
260 _aSher-e-Bangla Agricultural University :
_bDepartment of Soil Science,
_c2015.
300 _axi, 70 p. :
_bill. ;
_c30 cm.
500 _aMS thesis of Department of Soil Science , Faculty of Agriculture, Sher-e-Bangla Agricultural University, Dhaka, Bangladesh
504 _aIncludes references
590 _aKamim
650 _aSoil Science
650 _aEffect of nitrogen and phosphorus
650 _agrowth and yield of BARI TIL-3
700 _aPaul, Alok Kumar
_eSupervisor
700 _aJahan, Mst. Afrose
_eCo-supervisor
856 _uhttp://archive.saulibrary.edu.bd:8080/handle/123456789/641
_yOnline Access
942 _2ddc
_cTHESIS
999 _c13789
_d13788